000 00645nam a22002177a 4500
003 UA-OsUOA
001 80702
007 ta
008 20111222b un ||||| |||| 00| 0 ukr d
100 _aГорболіс Л.
090 _a82
_bГ67
942 _cSA
040 _aUA-OsUOA
_bukr
_cUA-OsUOA
_dUA-OsUOA
245 _aПроза Євгена Гуціла 90-х років як застереження від розпусти й духовного виродження
300 _aС.3-14
955 _a0
041 _aukr
080 _a82
773 0 _w80701
650 7 _a82 Література. Літературознавство
_2UDC
999 _c367011
_d367011